العلاقات الجنسية غير الشرعية و عقوبتها في الشريعة و القانون / (رقم التسجيلة. 77282)

تفاصيل مارك
000 -LEADER
fixed length control field 00568nam a22001697a 4500
005 - DATE AND TIME OF LATEST TRANSACTION
control field 20251108172348.0
008 - FIXED-LENGTH DATA ELEMENTS--GENERAL INFORMATION
fixed length control field 250721s1989 xx 000 0 ara d
082 14 - DEWEY DECIMAL CLASSIFICATION NUMBER
Classification number 301.41/سعد
100 1# - MAIN ENTRY--PERSONAL NAME
Personal name السعدي، عبد الملك عبد الرحمن
245 10 - TITLE STATEMENT
Title العلاقات الجنسية غير الشرعية و عقوبتها في الشريعة و القانون /
250 ## - EDITION STATEMENT
Edition statement ط3
264 1# - PRODUCTION, PUBLICATION, DISTRIBUTION, MANUFACTURE, AND COPYRIGHT NOTICE
Place of production, publication, distribution, manufacture بغداد :
Name of producer, publisher, distributor, manufacturer دار الأنبار للطباعة والنشر،
Date of production, publication, distribution, manufacture, or copyright notice 1989.
300 ## - PHYSICAL DESCRIPTION
Extent
650 17 - SUBJECT ADDED ENTRY--TOPICAL TERM
Topical term or geographic name as entry element الجنس
942 ## - ADDED ENTRY ELEMENTS (KOHA)
Source of classification or shelving scheme Dewey Decimal Classification
Koha item type كتب
المقتنيات
حالة السحب حالة الفقدان مصدر التصنيف حالة التلف غير قابل للإعارة المكتبة الرئيسية المكتبة الحالية موقع الرف تاريخ التزويد الرقم المتسلسل Total Checkouts رقم الإستدعاء تاريخ آخر ظهور تاريخ الفاتورة نوع المادة (كوها) الباركود
    Dewey Decimal Classification Unchecked   مكتبة النصر العامة مكتبة النصر العامة الإعارة 06/07/2004 3457   301.41/سعد 28/07/2025 06/07/2004 كتب  
    Dewey Decimal Classification     مكتبة النصر العامة مكتبة النصر العامة الإعارة 15/12/2014 3458.   301.41/سعد 28/07/2025 15/12/2014 كتب PLD00312269
Implemented & Customized by: BBB with SCIT (Smart Chains for Information Technology)

Powered by Koha